000
00398nam a2200157Ia 4500
008
090123s9999 xx 000 0 und d
082
_b
293
100
_a
नंदा गुलशन
245
_a
डरपोक
250
_a
0
600
_a
नंदा गुलशन
630
_a
डरपोक
700
_a
नंदा गुलशन
730
_a
डरपोक
942
_c
BOOK
999
_c
38381
_d
38381